[Event "GER-chT U14"]
[Site "Arendsee"]
[Date "2009.12.29"]
[Round "6.4"]
[White "Gehle, Philipp"]
[Black "Reimer, Benedict"]
[Result "0-1"]
[WhiteElo "1379"]
[BlackElo "1447"]
[PlyCount "112"]
[EventDate "2009.12.27"]
[EventType "team-swiss"]
[EventRounds "7"]
[EventCountry "GER"]
[SourceTitle "EXT 2022"]
[Source "ChessBase"]
[SourceDate "2021.10.06"]
[SourceVersion "1"]
[SourceVersionDate "2021.10.06"]
[SourceQuality "1"]
[WhiteTeam "Paderborn 2000 U14"]
[BlackTeam "Hohentuebingen U14"]
[WhiteTeamCountry "GER"]
[BlackTeamCountry "GER"]

1. e4 c5 2. c3 e6 3. d4 d5 4. exd5 Qxd5 5. Nf3 Nc6 6. Be3 cxd4 7. Nxd4 Nxd4 8. Qxd4 Nf6 9. Nd2 Bd7 10. Nf3 Be7 11. Bc4 Qxd4 12. Bxd4 0-0 13. Ne5 Bc6 14. Nxc6 bxc6 15. 0-0 Nd5 16. Ba6 Rab8 17. b3 Bd6 18. Bd3 c5 19. Be3 Nxc3 20. Rfc1 Nd5 21. Bxc5 Bxc5 22. Rxc5 Rfc8 23. Rxc8+ Rxc8 24. Bc4 Nb6 25. Rc1 Nxc4 26. Rxc4 Rxc4 27. bxc4 Kf8 28. Kf1 Ke7 29. Ke2 Kd6 30. Kd3 Kc5 31. a3 g5 32. h3 h5 33. g4 hxg4 34. hxg4 f5 35. f3 a5 36. Kc3 a4 37. Kd3 fxg4 38. fxg4 e5 39. Ke4 Kxc4 40. Kf5 e4 41. Kxe4 Kb3 42. Kd3 Kxa3 43. Kc3 Ka2 44. Kc2 a3 45. Kc1 Kb3 46. Kb1 Kc4 47. Ka2 Kd4 48. Kxa3 Ke4 49. Kb3 Kf4 50. Kc2 Kxg4 51. Kd2 Kh3 52. Ke2 g4 53. Kf2 Kh2 54. Ke3 g3 55. Kd4 g2 56. Ke4 g1Q 0-1

[Event "GER-chT U14"]
[Site "Arendsee"]
[Date "2009.12.27"]
[Round "2.4"]
[White "Reimer, Benedict"]
[Black "Keller, Peter1111"]
[Result "0-1"]
[WhiteElo "1447"]
[BlackElo "1621"]
[PlyCount "100"]
[EventDate "2009.12.27"]
[EventType "team-swiss"]
[EventRounds "7"]
[EventCountry "GER"]
[SourceTitle "EXT 2022"]
[Source "ChessBase"]
[SourceDate "2021.10.06"]
[SourceVersion "1"]
[SourceVersionDate "2021.10.06"]
[SourceQuality "1"]
[WhiteTeam "Hohentuebingen U14"]
[BlackTeam "Frankfurt TV U14"]
[WhiteTeamCountry "GER"]
[BlackTeamCountry "GER"]

1. e4 e5 2. Bc4 Nf6 3. Nf3 Nc6 4. d3 Be7 5. Nc3 d6 6. h3 Na5 7. Bb3 Nxb3 8. axb3 0-0 9. Bg5 c6 10. 0-0 Be6 11. d4 Qc7 12. Re1 Rfd8 13. Bxf6 Bxf6 14. d5 Bd7 15. Nd2 c5 16. Ne2 b5 17. Nb1 Rab8 18. Na3 Rdc8 19. c4 a6 20. Qd2 Qb6 21. Nc1 h6 22. Qd3 Bg5 23. Qf3 Rd8 24. Qd3 Bc8 25. Ne2 bxc4 26. bxc4 Qb3 27. Qxb3 Rxb3 28. Rab1 f5 29. f3 Bd7 30. Nc3 Bd2 31. Red1 Bxc3 32. bxc3 Rxa3 33. Rb7 fxe4 34. fxe4 Rxc3 35. Ra7 Rxc4 36. Rb1 Rb4 37. Ra1 Bb5 38. Ra2 Rxe4 39. Rf2 Rf4 40. Rd2 Rdf8 41. Rc2 R4f7 42. Rxf7 Rxf7 43. Ra2 Rf1+ 44. Kh2 Rd1 45. Rf2 Rxd5 46. h4 c4 47. Kh3 c3 48. Rc2 Rc5 49. g3 Bd3 50. Rc1 c2 0-1